Manažment cestovného ruchu v podmienkach samosprávy

Vybrané problémy spojené s manažmentom cestovného ruchu v podmienkach samosprávy. Pojem regionálna politika. Úlohy orgánov miestnej a regionálnej samosprávy pri manažmente cestovného ruchu v podmienkach koncepcie reformy verejnej správy. Manažérske funkcie samosprávy pri zabezpečovaní manažmentu ce...

Descrizione completa

Salvato in:
Dettagli Bibliografici
Autore principale: Trefil, Peter
Natura: Capitolo di libro
Lingua:slovacco
Soggetti:
Tags: Aggiungi Tag
Nessun Tag, puoi essere il primo ad aggiungerne!!

MARC

LEADER 00000naa$a2200000$$$4500
001 0046976
005 20240502071536.6
041 0 |a slo 
044 |a SK 
245 1 0 |a Manažment cestovného ruchu v podmienkach samosprávy  |c Peter Trefil 
520 |a Vybrané problémy spojené s manažmentom cestovného ruchu v podmienkach samosprávy. Pojem regionálna politika. Úlohy orgánov miestnej a regionálnej samosprávy pri manažmente cestovného ruchu v podmienkach koncepcie reformy verejnej správy. Manažérske funkcie samosprávy pri zabezpečovaní manažmentu cestovného ruchu. 
610 2 0 |a politika regionálna 
610 2 0 |a ruch cestovný 
610 2 0 |a manažment 
610 2 0 |a samospráva 
610 2 0 |a kompetencie 
610 2 0 |a decentralizácia 
100 1 |a Trefil, Peter